Sustaining agriculture and the rural environment : governance, policy, and multifunctionality

Saved in:
Bibliographic Details
Other Authors: Brouwer, Floor (Editor)
Format: Book
Language:English
Published: Cheltenham, UK : Edward Elgar, 2004
Series:Advances in ecological economics
Subjects:
Tags: Add Tag
No Tags, Be the first to tag this record!

MARC

LEADER 00000nam a2200000 i 4500
001 1/79998
008 080402s2004 eng d
020 |a 1-84376-256-0 
035 |l 10096103 
040 |a GR-MY-UA  |b gre  |e aacr 
041 0 |a eng 
082 0 |a 338.18  |2 (22) 
245 1 0 |a Sustaining agriculture and the rural environment :  |b governance, policy, and multifunctionality /  |c edited by Floor Brouwer 
260 |a Cheltenham, UK :   |b Edward Elgar,   |c 2004 
300 |a xi, 360 σ.;  |b εικ.;  |c 25 εκ. 
490 1 |a Advances in ecological economics 
504 |a Περιέχει βιβλιογραφικές παραπομπές και ευρετήριο 
650 0 0 |a Agriculture  |x Economic aspects. 
650 0 0 |a Agriculture  |x Environmental aspects. 
650 0 0 |a Sustainable agriculture. 
650 0 0 |a Agriculture and state. 
650 0 0 |a Rural development  |x Environmental aspects. 
650 0 0 |a Sustainable development. 
650 0 0 |a Sustainable agriculture  |z Europe  |x Case studies. 
650 0 0 |a Rural development  |z Europe  |x Case studies. 
700 1 |a Brouwer, Floor.  |4 edt 
830 0 |a Advances in ecological economics 
852 |a INST  |b LESVOS  |e 20080402  |h 338.18 SUS  |p 005100039495  |q 005100039495  |t BK  |y 0 
901 |a BIBL1-2008-1 
909 |a Λ  |b 144890 
922 |a 1ΕΛΗ  |b 200801  |c ΕΠΕΑΕΚ2/ΤΠ  |d ΕΛΕΥΘΕΡΟΥΔΑΚΗΣ 
970 |a ΚΑΡΑ  |b ΓΙΑΣΕΜΗ  |z 2008/04/02